000 00280nam a22001217a 4500
008 170622b xxu||||| |||| 00| 0 eng d
041 _aeng
080 _a329
100 _a21
101 _aSHP
245 _aPOLITICAL PARTIES OF THE AMERICA
_cALEXANDER.R.J
942 _2udc
_cBK
999 _c18845
_d18845